Lufthansa vie, prečo Slovensku radí: udržte si nízke náklady Cestovná kancelária Ruefa Reisen CS otvorila v Bratislave City Center pre nemecké aerolínie
Orientácia nemeckej leteckej spoločnosti na východný trh. Vytvorenie jej zastúpenia na Slovensku s cestovnou kanceláriou Ruefa Reisen - City center. Poskytované služby, zapojenie do leteckého rezervačného systému Start Amadeus. Vyrovnanie sa s konkurenciou Austrian Airlines. Riešenie strát Lufthansy...
Saved in:
| Main Author: | |
|---|---|
| Format: | Book Chapter |
| Language: | Slovak |
| Subjects: | |
| Tags: |
No Tags, Be the first to tag this record!
|
MARC
| LEADER | 00000naa a2200000 4500 | ||
|---|---|---|---|
| 001 | r014513 | ||
| 005 | 20221213123422.8 | ||
| 041 | 0 | |a slo | |
| 044 | |a SK | ||
| 245 | 1 | 0 | |a Lufthansa vie, prečo Slovensku radí: udržte si nízke náklady |b Cestovná kancelária Ruefa Reisen CS otvorila v Bratislave City Center pre nemecké aerolínie |c O. Brunovský |
| 520 | |a Orientácia nemeckej leteckej spoločnosti na východný trh. Vytvorenie jej zastúpenia na Slovensku s cestovnou kanceláriou Ruefa Reisen - City center. Poskytované služby, zapojenie do leteckého rezervačného systému Start Amadeus. Vyrovnanie sa s konkurenciou Austrian Airlines. Riešenie strát Lufthansy. Názor W. Bluma, riaditeľa pre východnú Európu - Bratislava by sa mohla stať centrom nákladnej leteckej dopravy, ak by si udržala súčasné poplatky. | ||
| 610 | 2 | 0 | |a doprava letecká |
| 610 | 2 | 0 | |a spoločnosti letecké |
| 610 | 2 | 0 | |a Lufthansa |
| 610 | 2 | 0 | |a kancelárie cestovné |
| 610 | 2 | 0 | |a Bratislava |
| 610 | 2 | 0 | |a City Center Ruefa Bratislava |
| 100 | 1 | |a Brunovský, O. | |